Course de drapeaux - Statistiques

Statistiques générales
  • Ce quiz a été pris 2 036 fois
  • Le résultat moyen est 6 sur 8
Réponses sur la Carte
Les réponses sont colorées sur une échelle allant du rouge au vert en fonction du pourcentage des utilisateurs qui les ont devinées à leur premier essai. Vous pouvez retrouver ces pourcentages ci-dessous.
 
Statistiques - réponses
Pays % Correct
Canada
98%
Côte d'Ivoire
86%
France
86%
Seychelles
71%
Tchad
64%
Ouzbékistan
61%
Nauru
52%
Guyana
49%
Aucun quiz correspondant
Distribution des résultats
% des personnes avec chaque résultat
Percentile par nombre de réponses
Votre historique - résultats
Vous n’avez pas pris ce quiz